000 00267nam a22001217a 4500
008 180306b xxu||||| |||| 00| 0 eng d
041 _aeng
080 _a617
100 _a8
101 _aoft
245 _aperimetry update 1998 1999
_cmichael.w
942 _2udc
_cBK
999 _c44165
_d44165